Nouvelle Revue de Psychanalyse : figures du vide /

Na minha lista:
Detalhes bibliográficos
Outros Autores: Pontalis, Jean-Bertrand (dirección) (dirección)
Formato: Livro
Idioma:francês
Publicado em: París, Francia : Gallimard : Association Psychanalytique de France, 1975, c1975
Assuntos:
Tags: Adicionar Tag
Sem tags, seja o primeiro a adicionar uma tag!

MARC

LEADER 00000nam^a2200000^a^4500
001 000099917
005 20250521000000.0
009 20260310093145.851
037 |a Acervo ITESO - Biblioteca 
041 |a FRA 
082 |a 150. 19505  |b NOU V. 11 
240 1 1 |a [Nouvelle Revue de Psychanalyse] 
245 1 0 |a Nouvelle Revue de Psychanalyse :  |b figures du vide /  |c Dir. de J.B. Pontalis. 
264 4 |a París, Francia :  |b Gallimard :  |b Association Psychanalytique de France,  |c 1975, c1975 
300 |a 232 p. 
336 |a texto  |b txt  |2 rdacontenido 
337 |a sin mediación  |b n  |2 rdamedio 
338 |a volumen  |b nc  |2 rdasoporte 
649 |a XX 
650 |a Vacío (Filosofía) 
650 |a Depresión 
650 |a Suicidio 
650 |a Psicología Clínica 
650 |a Psicoanálisis -  |x Publicaciones Periódicas Francesas 
700 |a Pontalis, Jean-Bertrand  |e (dirección) 
910 |a Fondo Armando Suárez Gómez 
920 |a Impresos - Libros 
930 |a Fondos Especiales 
905 |a 111 
901 |a 0700002155  |b IT2  |c ESP  |u 20250521 
902 |a https://opac.biblio.iteso.mx/vufind/Record/000099917